01600 a2200217 45000010006000000050017000060080041000230030015000640400040000790800053001192450027001720200022001992640033002213000026002545050884002801000026011647000020011907000024012107000030012348560118012642487520260407155531.0260407a2011 arg spa dAR-UNSa-BCEJYS aAR-UNSa-BCEJYSbspacAR-UNSa-BCEJYS a339.5xComercio exterior. Comercio Internacional10aComercio Internacional a978-84-291-2648-8 1aBarcelona :bRevertéc2011 axxvii, 432 p.c28 cm. aParte I: Introducción al comercio internacional : 1. Comercio en la economía mundial - Parte II : Patrones del comercio internacional : 2. Comercio y tecnología : El modelo ricardiano - 3. Ganancias y pérdidas del comercio en el modelo de factores específicos - 4. Comercio y recursos : El modelo Heckscher - Ohlin - 5. Movimiento de trabajo y capital - Parte 3 : Nuevas explicaciones del comercio internacional : 6. Rendimientos crecientes a escala y competencias imperfectas - 7. Externalización de bienes y servicios - Parte 4 : Política comercial internacional : 8. Aranceles y cuotas de importacion con competencias perfectas - 9. Aranceles y cuotas de importación con competencia imperfecta - 10. Los subsidios a la exportación en la agricultura y en las industrias de alta tecnología - 11. Acuerdos Internacionales : comercio, trabajo y medio ambiente.1 aIranzo Sancho, Susana1 aTaylor, Alan M.1 aFeenstra, Robert C.1 aPérez Apilanez, Gotzone41uhttps://biblioeco.unsa.edu.ar/pmb/images/libros/Comericio Internacional (2008).jpgyImagen de portadaqimage/jpeg